1476 1098 1242 1213 1046 1032 1485 1578 1132 1931 1916 1731 1412 1662 1487 1689 1464 1259 1992 1955 1754 1817 1360 1225 1035 1709 1054 1882 1245 1140 1218 1696 1616 1388 1428 1644 1329 1420 1855 1181 1802 1842 1329 1321 1267 1307 1291 1166 1960 1514 1898 1569 1619 1916 1634 1364 1987 1291 1930 1891 1075 1682 1202 1274 1404 1549 1948 1528 1106 1040 1540 1176 1611 1842 1081 1738 1931 1524 1269 1293 1588 1975 1960 1102 1945 1808 1547 1010 1452 1699 1584 1692 1857 1647 1014 1799 1783 1138 1274 BCNSPRNW ULIB Ver.6.0+V

เปลี่ยนเป็นภาษาไทย

Change to English
 แสดงรายละเอียดบรรณานุกรม
  กลับหน้าหลัก

Brief Record : Get Marc (ISO 2709) : E-mail record : QR code < ปิดหน้าต่าง
LEADER : 00000nam 2200000uu 4500
001    13399126920
003     ULIB
008    190904s2560||||th 000 0 tha d
020    ^a9786167919225
060    ^aWM140^bอ153ห
100    ^aอนงค์ ภิบาล และคณะ
245    ^aการป้องกันภาวะซึมเศร้าของผู้สูงอายุโดยใช้หลักมิติจิตวิญญาณ ตามวิถีมุสลิม
250    ^aพิมพ์ครั้งที่ 1
260    ^aสงขลา :^bโรงพิมพ์สมศักดิ์การพิมพ์,^c2560
300    ^a83 หน้า^bภาพประกอบ
650    ^aภาวะซึมเศร้า^xผู้สูงอายุ
650    ^aผู้สูงอายุ
945    ^p250^l0^i27611
945    ^p250^l0^i27610
945    ^p250^l0^i27609
945    ^p250^l0^i27608
945    ^p250^l0^i27607
999    ^aกัณชพร จุลอักษร
รายการนี้ยังไม่มีแท็ก
คุณยังไม่ได้ล็อกอิน คุณสามารถมีกิจกรรมร่วมกับเว็บไซต์ได้ แต่ต้องล็อกอินก่อน ::
  ล็อกอิน

รายการสื่อสารสนเทศ

ลำดับที่ ประเภท เลขเรียก/บาร์โค้ด สถานที่ สถานะ
1. หนังสือสำรอง
หนังสือสำรอง
WM140 อ153ห ฉ.1 
  Barcode: 27607
ห้องสมุดวิทยาเขตนครสวรรค์
►หนังสือทั่วไป:l:General Books
บนชั้น
2. วิทยาศาสตร์การแพทย์ และสุขภาพ
วิทยาศาสตร์การแพทย์ และสุขภาพ
WM140 อ153ห ฉ.2 
  Barcode: 27608
ห้องสมุดวิทยาเขตนครสวรรค์
►หนังสือทั่วไป:l:General Books
บนชั้น
3. วิทยาศาสตร์การแพทย์ และสุขภาพ
วิทยาศาสตร์การแพทย์ และสุขภาพ
WM140 อ153ห ฉ.3 
  Barcode: 27609
ห้องสมุดวิทยาเขตนครสวรรค์
►หนังสือทั่วไป:l:General Books
บนชั้น
4. วิทยาศาสตร์การแพทย์ และสุขภาพ
วิทยาศาสตร์การแพทย์ และสุขภาพ
WM140 อ153ห ฉ.4 
  Barcode: 27610
ห้องสมุดวิทยาเขตนครสวรรค์
►หนังสือทั่วไป:l:General Books
บนชั้น
5. วิทยาศาสตร์การแพทย์ และสุขภาพ
วิทยาศาสตร์การแพทย์ และสุขภาพ
WM140 อ153ห ฉ.5 
  Barcode: 27611
ห้องสมุดวิทยาเขตนครสวรรค์
►หนังสือทั่วไป:l:General Books
บนชั้น

รายการใกล้เคียง
    ชื่อเรื่อง [การป้องกันภาวะซึมเศร้าของผู้สูงอายุโดยใช้หลักมิติจิตวิญญาณ ตามวิถีมุสลิม]

    ผู้แต่ง [อนงค์ ภิบาล และคณะ]

    หัวเรื่อง [ผู้สูงอายุ]

BibComment


ยังไม่เคยถูกคอมเมนท์

คอมเมนท์ทรัพยากรรายการนี้
  คอมเมนท์: การป้องกันภาวะซึ..


 Copyright 2026. Bcnsprnw @Library